[Event "St Petersburg March op"]
[Site "St Petersburg"]
[Date "2008.03.28"]
[Round "7"]
[White "Prosunchikov, German"]
[Black "Abramichev, Artyom"]
[Result "0-1"]
[WhiteElo "1936"]
[BlackElo "1985"]
[PlyCount "128"]
[EventDate "2008.03.22"]
[EventType "swiss"]
[EventRounds "9"]
[EventCountry "RUS"]
[SourceTitle "EXT 2010"]
[Source "ChessBase"]
[SourceDate "2010.11.25"]
[SourceVersion "1"]
[SourceVersionDate "2010.11.25"]
[SourceQuality "1"]

1. e4 c5 2. c4 e6 3. Nc3 Nc6 4. g3 a6 5. Bg2 g6 6. Nge2 Bg7 7. 0-0 Nge7 8. d3 0-0 9. Rb1 Rb8 10. a4 Qb6 11. Bf4 e5 12. Bg5 d6 13. Qd2 f6 14. Be3 Nd4 15. f4 Be6 16. fxe5 fxe5 17. Bg5 Nec6 18. Nxd4 exd4 19. Nd5 Bxd5 20. exd5 Ne5 21. a5 Qc7 22. Be4 Rbe8 23. b4 Rxf1+ 24. Rxf1 Nxc4 25. Qa2 Ne3 26. bxc5 Nxf1 27. cxd6 Qxd6 28. Kxf1 Rf8+ 29. Kg2 Kh8 30. Qb2 Rf7 31. Qb6 Qxb6 32. axb6 Be5 33. Bd2 Bd6 34. Bf3 Bc5 35. Ba5 Rf6 36. d6 Rxd6 37. Bxb7 Bxb6 38. Bb4 Rf6 39. Bxa6 Ba5 40. Bxa5 Rxa6 41. Bb4 Ra2+ 42. Kf3 Rxh2 43. Bc5 Kg8 44. Ke4 Kf7 45. Bxd4 Ke6 46. Be3 Rh5 47. d4 Rb5 48. Bh6 Rb3 49. d5+ Kd7 50. Bf4 g5 51. Be5 h5 52. Kf5 Re3 53. Bb8 h4 54. g4 Re8 55. Bh2 Re2 56. Bb8 h3 57. Kxg5 h2 58. Bxh2 Rxh2 59. Kf6 Rf2+ 60. Kg6 Kd6 61. g5 Kxd5 62. Kh7 Ke6 63. g6 Rg2 64. Kg7 Ke7 0-1

[Event "St Petersburg March op"]
[Site "St Petersburg"]
[Date "2008.03.26"]
[Round "5"]
[White "Prosunchikov, German"]
[Black "Androsov, Sergey"]
[Result "1/2-1/2"]
[WhiteElo "1936"]
[BlackElo "2097"]
[PlyCount "142"]
[EventDate "2008.03.22"]
[EventType "swiss"]
[EventRounds "9"]
[EventCountry "RUS"]
[SourceTitle "EXT 2010"]
[Source "ChessBase"]
[SourceDate "2010.11.25"]
[SourceVersion "1"]
[SourceVersionDate "2010.11.25"]
[SourceQuality "1"]

1. c4 Nf6 2. Nc3 e6 3. e4 d6 4. g3 Nc6 5. Bg2 e5 6. d3 Bg4 7. f3 Be6 8. Nge2 Be7 9. Be3 0-0 10. g4 Nd7 11. 0-0 Bg5 12. Qd2 Bxe3+ 13. Qxe3 Nc5 14. Nd5 Bxd5 15. cxd5 Nb4 16. Qd2 a5 17. d4 exd4 18. Nxd4 Nbd3 19. Rab1 Qf6 20. Nf5 h6 21. h4 Rfe8 22. b3 b5 23. Rfd1 Qe5 24. Bf1 g6 25. Nxh6+ Kg7 26. g5 Qg3+ 27. Qg2 Qxg2+ 28. Kxg2 Nf4+ 29. Kg3 Nh5+ 30. Kf2 b4 31. Bb5 Re7 32. Ng4 Rb8 33. Bc6 Nf4 34. Nf6 Rh8 35. Rh1 Nh5 36. Ng4 Nf4 37. Rh2 Nfd3+ 38. Ke3 Ne5 39. Nxe5 Rxe5 40. Kd4 Rxg5 41. Rbh1 Rgh5 42. f4 f6 43. Bb5 Kf7 44. Be2 R5h6 45. Bf3 g5 46. fxg5 fxg5 47. h5 Rf6 48. Bg4 Re8 49. Re1 Rf4 50. Be6+ Nxe6+ 51. dxe6+ Kxe6 52. h6 Rh8 53. Rh5 c5+ 54. Kc4 Rh4 55. Rxg5 R8xh6 56. Kb5 Rh2 57. Kxa5 Rxa2+ 58. Kb5 Rb2 59. e5 d5 60. Ra1 Kf7 61. Ra7+ Kf8 62. Kxc5 Rxb3 63. Kxd5 Rd3+ 64. Ke4 Rd1 65. Rb7 Re1+ 66. Kd5 Rd1+ 67. Kc5 Rc1+ 68. Kd5 Rd1+ 69. Ke4 Re1+ 70. Kf3 b3 71. Kf2 Rhh1 1/2-1/2

[Event "St Petersburg March op"]
[Site "St Petersburg"]
[Date "2008.03.25"]
[Round "4"]
[White "Palchun, Grigory"]
[Black "Prosunchikov, German"]
[Result "1-0"]
[WhiteElo "2107"]
[BlackElo "1936"]
[PlyCount "86"]
[EventDate "2008.03.22"]
[EventType "swiss"]
[EventRounds "9"]
[EventCountry "RUS"]
[SourceTitle "EXT 2010"]
[Source "ChessBase"]
[SourceDate "2010.11.25"]
[SourceVersion "1"]
[SourceVersionDate "2010.11.25"]
[SourceQuality "1"]

1. d4 b6 2. e4 Bb7 3. Bd3 e6 4. Nf3 c5 5. c3 Nf6 6. e5 Nd5 7. 0-0 Be7 8. a3 f5 9. c4 Nc7 10. d5 exd5 11. Bxf5 d4 12. Qd3 Bxf3 13. Qxf3 g6 14. Be4 Nc6 15. Re1 Rf8 16. Qh3 d5 17. cxd5 Nxd5 18. Qe6 Qd7 19. Qxd5 Qxd5 20. Bxd5 Rc8 21. Bh6 Kd7 22. Bxf8 Rxf8 23. Nd2 Nd8 24. Ne4 Ne6 25. Bxe6+ Kxe6 26. Nf6 h6 27. f4 Rd8 28. g4 d3 29. Ne4 Rd4 30. Rad1 c4 31. Kg2 b5 32. Kf3 Bd8 33. Ng3 a5 34. f5+ gxf5 35. gxf5+ Kf7 36. e6+ Kf6 37. Re4 Rd5 38. Rf4 Bc7 39. Ne4+ Ke7 40. f6+ Kxe6 41. f7 Bxf4 42. f8Q Be5 43. Qe8+ Kf5 1-0

[Event "St Petersburg-ch Seniors"]
[Site "St Petersburg"]
[Date "2007.03.19"]
[Round "1"]
[White "Prosunchikov, German"]
[Black "Dommes, Vladimir M"]
[Result "0-1"]
[WhiteElo "1956"]
[BlackElo "2267"]
[PlyCount "44"]
[EventDate "2007.03.19"]
[EventType "swiss"]
[EventRounds "9"]
[EventCountry "RUS"]
[SourceTitle "EXT 2010"]
[Source "ChessBase"]
[SourceDate "2010.11.25"]
[SourceVersion "1"]
[SourceVersionDate "2010.11.25"]
[SourceQuality "1"]

1. c4 Nf6 2. Nc3 c5 3. e4 Nc6 4. Nge2 g6 5. d3 Bg7 6. Be3 d6 7. Qd2 Ng4 8. 0-0-0 Nxe3 9. fxe3 0-0 10. Nf4 a6 11. h4 b5 12. Kb1 bxc4 13. dxc4 Rb8 14. h5 Qa5 15. Nfe2 Be6 16. Ka1 Bxc4 17. Nc1 Be6 18. N1e2 Bxa2 19. Nxa2 Bxb2+ 20. Qxb2 Rxb2 21. Kxb2 Rb8+ 22. Ka1 Qb6 0-1

[Event "St Petersburg-ch qf Seniors 80th"]
[Site "St Petersburg"]
[Date "2006.11.29"]
[Round "2"]
[White "Prosunchikov, German"]
[Black "Kostyuchenko, Vladimir"]
[Result "0-1"]
[WhiteElo "1956"]
[BlackElo "2153"]
[PlyCount "92"]
[EventDate "2006.11.23"]
[EventType "swiss"]
[EventRounds "10"]
[EventCountry "RUS"]
[SourceTitle "EXT 2019"]
[Source "ChessBase"]
[SourceDate "2018.10.10"]
[SourceVersion "1"]
[SourceVersionDate "2018.10.10"]
[SourceQuality "1"]

1. e4 c5 2. c4 Nc6 3. g3 g6 4. Bg2 Bg7 5. Ne2 e6 6. 0-0 Nge7 7. Nbc3 0-0 8. d3 d6 9. Be3 Nd4 10. Qd2 Rb8 11. Rab1 b6 12. Bg5 Nxe2+ 13. Qxe2 Bb7 14. Qd2 Qd7 15. b4 Nc6 16. b5 Nd4 17. a4 f5 18. Bh6 e5 19. Bxg7 Kxg7 20. f4 fxe4 21. dxe4 exf4 22. Rxf4 Rxf4 23. gxf4 Qf7 24. Nd5 Bxd5 25. cxd5 Qxf4 26. Qxf4 Ne2+ 27. Kf2 Nxf4 28. Bf1 Kf6 29. Ra1 Ke5 30. Ke3 Rf8 31. a5 bxa5 32. Bc4 Ng2+ 33. Ke2 Rf4 34. Bd3 Rh4 35. Kd2 Rxh2 36. Kc3 Nf4 37. Bc2 Rh3+ 38. Kc4 Ng2 39. Bd3 Ne3+ 40. Kc3 Ng4 41. Rf1 c4 42. Rf7 cxd3 43. Re7+ Kf4 44. Rxa7 Ke3 45. b6 d2 46. b7 d1Q 0-1

[Event "St Petersburg Chigorin CC-ch"]
[Site "St Petersburg"]
[Date "2005.05.25"]
[Round "9"]
[White "Prosunchikov, German"]
[Black "Timchenko, Aleksandr"]
[Result "0-1"]
[WhiteElo "1990"]
[BlackElo "2101"]
[PlyCount "49"]
[EventDate "2005.05.16"]
[EventType "swiss"]
[EventRounds "9"]
[EventCountry "RUS"]
[SourceTitle "EXT 2006"]
[Source "ChessBase"]
[SourceDate "2005.11.24"]
[SourceVersion "1"]
[SourceVersionDate "2005.11.24"]
[SourceQuality "1"]

1. c4 g6 2. e4 c6 3. Nc3 Bg7 4. Nge2 d5 5. cxd5 cxd5 6. Nxd5 Nc6 7. Rb1 e6 8. Ndc3 Nge7 9. b4 0-0 10. b5 Nd4 11. Nxd4 Qxd4 12. Be2 f5 13. exf5 Rxf5 14. 0-0 Bd7 15. Ba3 Rf7 16. Bf3 Raf8 17. Bxe7 Rxe7 18. Bxb7 Ref7 19. Bf3 Rxf3 20. gxf3 Qh4 21. Ne4 Rf5 22. Ng3 Be5 23. d4 Bf4 24. Qd3 Rh5 25. Rb2 0-1

[Event "St Petersburg op"]
[Site "St Petersburg"]
[Date "2001.??.??"]
[Round "8"]
[White "Kychanova, Elena"]
[Black "Prosunchikov, German"]
[Result "0-1"]
[WhiteElo "2036"]
[BlackElo "2036"]
[PlyCount "106"]
[EventDate "2001.??.??"]
[EventType "swiss"]
[EventRounds "9"]
[EventCountry "RUS"]
[SourceTitle "EXT 2002"]
[Source "ChessBase"]
[SourceDate "2001.11.25"]
[SourceVersion "1"]
[SourceVersionDate "2001.11.25"]
[SourceQuality "1"]

1. e4 c5 2. Nf3 d6 3. d3 g6 4. Nc3 Bg7 5. Be3 e5 6. Qd2 Nc6 7. Nd5 f5 8. Bg5 Qd7 9. exf5 gxf5 10. Be2 Qf7 11. c4 h6 12. Bh4 Be6 13. Ng1 Bxd5 14. cxd5 Qxd5 15. Bh5+ Kd7 16. Bf3 Qd4 17. Bg3 Bf6 18. Ne2 Qb4 19. Nc3 Nge7 20. a3 Qb3 21. h3 Nd4 22. Bd1 Qe6 23. 0-0 d5 24. Na4 b6 25. Re1 Qd6 26. f4 e4 27. Nc3 Rhg8 28. Bf2 a6 29. Kh1 Nec6 30. Rb1 Ne6 31. Na4 Rab8 32. b4 Bd4 33. bxc5 bxc5 34. Rxb8 Rxb8 35. g3 Bxf2 36. Qxf2 exd3 37. Bh5 c4 38. Bf7 Ned4 39. Nc3 Rb3 40. Nxd5 Ne2 41. Nb6+ Kc7 42. Nxc4 Qd4 43. Qxd4 Ncxd4 44. Kg2 Rc3 45. Rd1 Rc2 46. Rd2 Nb3 47. Rxe2 Rxe2+ 48. Kf1 Rh2 49. Ne5 Nc5 50. Bd5 Rb2 51. Nc4 Ra2 52. Ke1 Ne4 53. Ne3 Re2+ 0-1

[Event "St Petersburg op"]
[Site "St Petersburg"]
[Date "2001.??.??"]
[Round "5"]
[White "Prosunchikov, German"]
[Black "Chistiakova, Elena"]
[Result "0-1"]
[WhiteElo "2036"]
[BlackElo "2066"]
[PlyCount "116"]
[EventDate "2001.??.??"]
[EventType "swiss"]
[EventRounds "9"]
[EventCountry "RUS"]
[SourceTitle "EXT 2002"]
[Source "ChessBase"]
[SourceDate "2001.11.25"]
[SourceVersion "1"]
[SourceVersionDate "2001.11.25"]
[SourceQuality "1"]

1. c4 e5 2. Nc3 Nf6 3. e4 Nc6 4. g3 Bc5 5. Bg2 0-0 6. d3 d6 7. Be3 Bxe3 8. fxe3 Ng4 9. Qd2 Qg5 10. Nd5 Nxh2 11. Ne2 Ng4 12. Bf3 Qd8 13. Rh4 Nf6 14. 0-0-0 h6 15. Rdh1 Nxd5 16. cxd5 Ne7 17. Qe1 Ng6 18. Rh5 Qf6 19. Rf1 Qd8 20. g4 f6 21. Ng3 Nh8 22. Nf5 Bxf5 23. gxf5 Nf7 24. Bd1 Ng5 25. Rfh1 Kf7 26. Qb4 Qc8 27. R5h2 a6 28. Bh5+ Ke7 29. Rc2 Qb8 30. Kb1 Rc8 31. Rhc1 b5 32. Qa5 Kd7 33. Rc6 Qb7 34. Kc2 Ra7 35. Kd2 b4 36. R1c4 Qb5 37. Qxb4 Rb8 38. a3 Qxb4+ 39. Rxb4 Rxb4 40. axb4 a5 41. Rc4 axb4 42. Rxb4 Kc8 43. Bd1 Rb7 44. Ra4 Rxb2+ 45. Bc2 Rb7 46. Ra1 Rb2 47. Kc3 Rb8 48. Ba4 Kd8 49. Bc6 Ke7 50. Ra7 Kd8 51. Bb7 Kd7 52. Kd2 h5 53. Ke2 h4 54. Kf2 Kd8 55. Ke2 Ke7 56. Kd2 h3 57. Bc6 h2 58. Ra1 Nf3+ 0-1

[Event "Chigorin Memorial 08th"]
[Site "St Petersburg"]
[Date "2000.11.02"]
[Round "3"]
[White "Yezersky, Vladimir"]
[Black "Prosunchikov, German"]
[Result "1-0"]
[WhiteElo "2266"]
[BlackElo "2059"]
[PlyCount "49"]
[EventDate "2000.10.31"]
[EventType "swiss"]
[EventRounds "9"]
[EventCountry "RUS"]
[SourceTitle "EXT 2001"]
[Source "ChessBase"]
[SourceDate "2000.11.22"]
[SourceVersion "1"]
[SourceVersionDate "2000.11.22"]
[SourceQuality "1"]

1. d4 Nf6 2. c4 c5 3. d5 e6 4. Nc3 exd5 5. cxd5 d6 6. e4 g6 7. f4 Bg7 8. Bb5+ Bd7 9. e5 dxe5 10. fxe5 Qe7 11. Nf3 a6 12. Bc4 Ng4 13. d6 Qd8 14. 0-0 0-0 15. Bg5 Qa5 16. Qe2 Be6 17. Bxe6 fxe6 18. Qc4 Nh6 19. Qxe6+ Kh8 20. Bxh6 Bxh6 21. Ng5 Qd8 22. Rxf8+ Qxf8 23. Rf1 Qxf1+ 24. Kxf1 Bxg5 25. Qc8+ 1-0

[Event "St Petersburg White Nights op"]
[Site "St Petersburg"]
[Date "2000.06.30"]
[Round "7"]
[White "Golovchenko, Gleb"]
[Black "Prosunchikov, German"]
[Result "0-1"]
[WhiteElo "2090"]
[BlackElo "2088"]
[PlyCount "68"]
[EventDate "2000.06.23"]
[EventType "swiss"]
[EventRounds "9"]
[EventCountry "RUS"]
[SourceTitle "CBM 076 Extra"]
[Source "ChessBase"]
[SourceDate "2000.07.11"]
[SourceVersion "1"]
[SourceVersionDate "2000.07.11"]
[SourceQuality "1"]

1. d4 Nf6 2. c4 c5 3. d5 e6 4. Nc3 exd5 5. cxd5 d6 6. e4 g6 7. Bd3 Bg7 8. Nge2 0-0 9. 0-0 Ng4 10. h3 Ne5 11. Be3 b6 12. a4 Na6 13. f4 Nxd3 14. Qxd3 Nb4 15. Qd2 f5 16. exf5 Bxf5 17. g4 Bd3 18. Ng3 Qh4 19. Kg2 Bxf1+ 20. Rxf1 a6 21. Nce4 Rad8 22. f5 h6 23. g5 Be5 24. gxh6 Bxg3 25. Nxg3 Qc4 26. Kh2 gxf5 27. Bxc5 f4 28. Qg2 Kh8 29. b3 fxg3+ 30. Qxg3 Qe2+ 31. Bf2 Qe5 32. Bd4 Qxd4 33. Rd1 Qb2+ 34. Kh1 Rg8 0-1

[Event "St Petersburg White Nights op"]
[Site "St Petersburg"]
[Date "2000.06.28"]
[Round "5"]
[White "Prosunchikov, German"]
[Black "Zvereva, Marija"]
[Result "0-1"]
[WhiteElo "2088"]
[BlackElo "2254"]
[PlyCount "94"]
[EventDate "2000.06.23"]
[EventType "swiss"]
[EventRounds "9"]
[EventCountry "RUS"]
[SourceTitle "CBM 076 Extra"]
[Source "ChessBase"]
[SourceDate "2000.07.11"]
[SourceVersion "1"]
[SourceVersionDate "2000.07.11"]
[SourceQuality "1"]

1. c4 e5 2. Nc3 Nc6 3. g3 d6 4. Bg2 Be6 5. Qa4 Qd7 6. Nd5 g6 7. b4 Bg7 8. Rb1 Nge7 9. h4 0-0 10. h5 Nc8 11. b5 Nd4 12. e3 Bxd5 13. cxd5 Nb6 14. Qd1 Nf5 15. Bh3 Qe7 16. Bxf5 gxf5 17. h6 Bh8 18. e4 Rfc8 19. d3 a6 20. a3 axb5 21. Rxb5 Qd7 22. Qb3 fxe4 23. dxe4 Ra4 24. Rb4 Rca8 25. Nf3 Rxb4 26. axb4 Qb5 27. Nd2 Ra4 28. Ba3 c5 29. dxc6 bxc6 30. Rh5 c5 31. Qe3 f6 32. bxc5 Nc4 33. Nxc4 Rxc4 34. Bc1 Qb1 35. Kd1 Rd4+ 36. Ke2 Rxe4 37. cxd6 Rxe3+ 38. Bxe3 Qb5+ 39. Kf3 Qd5+ 40. Kg4 Qxd6 41. Kh3 Kf7 42. g4 f5 43. Rxf5+ Ke6 44. Bg5 e4 45. Be3 Qd1 46. Rf8 Qh1+ 47. Kg3 Be5+ 0-1